Censo general de población y vivienda (11) 1990 : resultados definitivos : síntesis de resultados (Record no. 6832)
[ view plain ]
| 000 -CABECERA | |
|---|---|
| campo de control de longitud fija | 01302cam a22003377a 4500 |
| 003 - IDENTIFICADOR DEL NÚMERO DE CONTROL | |
| campo de control | CHAP |
| 005 - FECHA Y HORA DE LA ÚLTIMA TRANSACCIÓN | |
| campo de control | 20220329133457.0 |
| 008 - DATOS DE LONGITUD FIJA--INFORMACIÓN GENERAL | |
| campo de control de longitud fija | 971013s1993 r 00010 d |
| 010 ## - NÚMERO DE CONTROL DE LA BIBLIOTECA DEL CONGRESO | |
| Número de control de LC | 6832 |
| 011 ## - ENLACE DEL NUMERO DE CONTROL DE LA BIBLIOTECA DEL CONGRESO [OBSOLETO] | |
| Número de control de LC | 7804 |
| 035 ## - NÚMERO DE CONTROL DEL SISTEMA | |
| Número de control de sistema | 7028 |
| 040 ## - FUENTE DE LA CATALOGACIÓN | |
| Centro/agencia transcriptor | CHAP |
| 082 ## - NÚMERO DE LA CLASIFICACIÓN DECIMAL DEWEY | |
| Número de clasificación | 312.0972 |
| Número de documento/Ítem | M49c 1990 Res. Def. |
| 110 ## - ENTRADA PRINCIPAL--NOMBRE DE ENTIDAD CORPORATIVA | |
| Nombre de entidad corporativa o nombre de jurisdicción como elemento de entrada | Instituto Nacional de Estadística, Geografía e Informática. México |
| 9 (RLIN) | 59304 |
| 245 #0 - MENCIÓN DE TÍTULO | |
| Título | Censo general de población y vivienda (11) 1990 : resultados definitivos : síntesis de resultados |
| 260 ## - PUBLICACIÓN, DISTRIBUCIÓN, ETC. | |
| Lugar de publicación, distribución, etc. | Aguascalientes, Ags. : |
| Nombre del editor, distribuidor, etc. | El Instituto, |
| Fecha de publicación, distribución, etc. | 1993 |
| 300 ## - DESCRIPCIÓN FÍSICA | |
| Extensión | 106 p. |
| Otras características físicas | : mapas |
| 500 ## - NOTA GENERAL | |
| Nota general | Incluye un mapa |
| 590 ## - NOTA LOCAL (RLIN) | |
| Nota local | BATCH-UPD |
| Procedencia (VM) [OBSOLETO] | 10 |
| Condición del los carretes individuales (VM) [OBSOLETO] | 20130110 |
| -- | UCH01 |
| -- | 1605 |
| 590 ## - NOTA LOCAL (RLIN) | |
| Nota local | BATCH-UPD |
| Procedencia (VM) [OBSOLETO] | 10 |
| Condición del los carretes individuales (VM) [OBSOLETO] | 20130410 |
| -- | UCH01 |
| -- | 1001 |
| 590 ## - NOTA LOCAL (RLIN) | |
| Nota local | BATCH-UPD |
| Procedencia (VM) [OBSOLETO] | 10 |
| Condición del los carretes individuales (VM) [OBSOLETO] | 20130914 |
| -- | UCH01 |
| -- | 1822 |
| 590 ## - NOTA LOCAL (RLIN) | |
| Nota local | CONVERSION |
| Procedencia (VM) [OBSOLETO] | 10 |
| Condición del los carretes individuales (VM) [OBSOLETO] | 20130109 |
| -- | UCH01 |
| -- | 1305 |
| 650 14 - PUNTO DE ACCESO ADICIONAL DE MATERIA--TÉRMINO DE MATERIA | |
| Término de materia o nombre geográfico como elemento de entrada | México |
| Subdivisión general | Censos (1990) |
| 9 (RLIN) | 76661 |
| 650 14 - PUNTO DE ACCESO ADICIONAL DE MATERIA--TÉRMINO DE MATERIA | |
| Término de materia o nombre geográfico como elemento de entrada | Población |
| Subdivisión general | Estadísticas |
| Subdivisión geográfica | México. |
| 9 (RLIN) | 89385 |
| 650 14 - PUNTO DE ACCESO ADICIONAL DE MATERIA--TÉRMINO DE MATERIA | |
| Término de materia o nombre geográfico como elemento de entrada | Vivienda |
| Subdivisión geográfica | México. |
| 9 (RLIN) | 120153 |
| 901 ## - ELEMENTOS DE DATOS A LOCAL LDA (RLIN) | |
| a | BK |
| 942 ## - ELEMENTOS DE PUNTO DE ACCESO ADICIONAL (KOHA) | |
| Tipo de ítem Koha | Libro |
| 949 ## - PROCESAMIENTO DE INFORMACIÓN LOCAL (OCLC) | |
| a | 312. 0972 M49c 1990 Res.Def. mapa |
| b | BC |
| c | ESP |
| d | -117751 |
| e | ESP |
| h | 84957 |
| i | 7028 |
| s | i |
| 949 ## - PROCESAMIENTO DE INFORMACIÓN LOCAL (OCLC) | |
| a | 312. 0972 M49c 1990 Res.Def. mapa |
| b | BC |
| c | ESP |
| d | 33724002200124 |
| e | ESP |
| f | c.2 |
| h | 84957 |
| i | 7028 |
| s | b |
| 949 ## - PROCESAMIENTO DE INFORMACIÓN LOCAL (OCLC) | |
| a | 312.0972 M49c 1990 Res.Def. |
| b | BC |
| c | INEGI |
| d | 33724000120754 |
| e | INEGI |
| h | 89157 |
| i | 7028 |
| s | i |
| Estado de retiro | Estado de pérdida | Fuente del sistema de clasificación o colocación | Estado dañado | Restricciones de uso | No para préstamo | Código de colección | Localización permanente | Ubicación/localización actual | Ubicación en estantería | Fecha de adquisición | Total de préstamos | Signatura topográfica completa | Código de barras | Fecha visto por última vez | Número de copia | Precio válido a partir de | Tipo de ítem Koha |
|---|---|---|---|---|---|---|---|---|---|---|---|---|---|---|---|---|---|
| Dewey Decimal Classification | Préstamo interno | Especial | Biblioteca Central | Biblioteca Central | Planta alta - Área de Tesis - Especial | 31/12/2019 | 312. 0972 M49c 1990 Res.Def. mapa | 33724002200124 | 31/12/2019 | c.2 | 31/12/2019 | Libro | |||||
| Dewey Decimal Classification | Préstamo interno | Especial | Biblioteca Central | Biblioteca Central | Planta alta - Área de Tesis - Especial | 31/12/2019 | 312. 0972 M49c 1990 Res.Def. mapa | 33724002487884 | 31/12/2019 | 31/12/2019 | Libro | ||||||
| Dewey Decimal Classification | Préstamo interno | Publicaciones INEGI | Biblioteca Central | Biblioteca Central | Planta baja - Colección INEGI | 31/12/2019 | 312.0972 M49c 1990 Res.Def. | 33724000120754 | 31/12/2019 | 31/12/2019 | Libro |
